000 00770nam a2200265Ia 4500
003 OSt
005 20220926034056.0
006 a|||||r|||| 00| 0
007 ta
008 220923b |||||||| |||| 00| 0 eng d
020 _a0815769687
037 _cGeneral Book
040 _aRTL
_cRTL
_beng
041 _2eng
_aeng
082 _aX72:1.73.N7, L4
100 _aPechman Joseph A
_9251293
245 0 _aWho bears the tax burden
260 _aWashington
_bBrookings
_c1974
300 _axiv, 119p. Appendix p. 84-113
_ccm.
490 _aStudies of government finance.34
650 _aTax
700 _a Okner Benjamin A
_9340037
942 _hX72:1.73.N7, L4
_cGB
_2CC
999 _c658697
_d658697